书目信息 |
| 题名: |
人体内放射性污染的医学实践
|
|
| 作者: | 龚诒芬 , 叶常青, 主编 | |
| 分册: | ||
| 出版信息: | 北京 军事医学科学出版社 2004.8 |
|
| 页数: | 415页 | |
| 开本: | 26cm | |
| 丛书名: | 放射医学系列专著 | |
| 单 册: | ||
| 中图分类: | X591 | |
| 科图分类: | ||
| 主题词: | 放射性污染--fang she xing wu ran--影响--人体--研究 , 人体--ren ti , 放射性污染--fang she xing wu ran | |
| 电子资源: | ||
| ISBN: | 7-80121-554-0 | |
| 000 | 01454nam 2200337 450 | |
| 001 | CAL 012006068864 | |
| 005 | 20061030162915.01 | |
| 010 | @a7-80121-554-0@dCNY55.00 | |
| 099 | @aCAL 012006068864 | |
| 100 | @a20060909d2004 em y0chiy0120 ea | |
| 101 | 0 | @achi |
| 102 | @aCN@b110000 | |
| 105 | @ay a 000yy | |
| 200 | 1 | @a人体内放射性污染的医学实践@Aren ti nei fang she xing wu ran de yi xue shi jian@f龚诒芬, 叶常青主编 |
| 210 | @a北京@c军事医学科学出版社@d2004.8 | |
| 215 | @a415页@d26cm | |
| 225 | 2 | @a放射医学系列专著@Afang she yi xue xi lie zhuan zhu |
| 314 | @a叶常青(1933-), 生于上海市, 现任军事医学科学院放射医学研究所研究员、学术顾问。合主编有《人体内放射性污染的医学实践》。 | |
| 314 | @a龚诒芬(1935-), 女, 湖北省武汉市人, 中国毒理学会常委, 副秘书长。合主编有《人体内放射性污染的医学实践》。 | |
| 320 | @a有书目 | |
| 330 | @a本书是一本系统论述人体内放射性污染的医学基础和实践的专著, 主要内容包括: 绪论; 人体内污染放射性核素的代谢; 内照射致人的确定性效应; 内照射致人的随机效应等内容。 | |
| 333 | @a阅读对象: 放射医学、辐射防护学、放射毒理学等相关专业人员等 | |
| 410 | 0 | @12001 @a放射医学系列专著 |
| 606 | 0 | @a放射性污染@Afang she xing wu ran@x影响@x人体@x研究 |
| 606 | 0 | @a人体@Aren ti |
| 606 | 0 | @a放射性污染@Afang she xing wu ran |
| 690 | @aX591@v4 | |
| 701 | 0 | @a龚诒芬@Agong yi fen@c(女),@f1935-@4主编 |
| 701 | 0 | @a叶常青,@Aye chang qing@f1933-@4主编 |
| 801 | 0 | @aCN@c20061030 |
| 905 | @a10447@dX591@eG395 | |
| 人体内放射性污染的医学实践/龚诒芬, 叶常青主编.-北京:军事医学科学出版社,2004.8 |
| 415页;26cm.-(放射医学系列专著) |
| 使用对象:阅读对象: 放射医学、辐射防护学、放射毒理学等相关专业人员等 |
| ISBN 7-80121-554-0:CNY55.00 |
| 本书是一本系统论述人体内放射性污染的医学基础和实践的专著, 主要内容包括: 绪论; 人体内污染放射性核素的代谢; 内照射致人的确定性效应; 内照射致人的随机效应等内容。 |
| ● |
| 相关链接 |
|
|
|
正题名:人体内放射性污染的医学实践
索取号:X591/G395
 
预约/预借
| 序号 | 登录号 | 条形码 | 馆藏地/架位号 | 状态 | 备注 |
| 1 | 633292 | 206332921 | 自科库501/501自科库 102排2列3层/ [索取号:X591/G395] | 在馆 | |
| 2 | 633293 | 206332930 | 自科库501/501自科库 102排2列3层/ [索取号:X591/G395] | 在馆 |